000 00337nam a2200121Ia 4500
008 190216s9999||||xx |||||||||||||| ||und||
100 _aSubhash Chandra Rastogi And Satish Kumar Agarwala
245 0 _aAdvaced Chemical Calculations
260 _bPragathi Prakashan
_c1973
300 _a186p
650 _aChemistry-Chemistry
942 _cBK
999 _c2274
_d2274